--Pequeñas cosas-- pequeñas cosas-- pequeñas cosas /

Bibliographic Details
Main Author: Vera Angel, Fernando, 1950-
Format: Book
Language:Spanish
Published: [Medellín] : Politécnico Colombiano "Jaime Isaza Cadavid", [1987]
Series:Colección literaria Políforo de oriente.
Subjects:

MARC

Tag First Indicator Second Indicator Subfields
LEADER 00000cam a2200000 a 4500
001 in00001409979
005 20151020070439.0
008 911023r19871975ck ac 000 0cspa d
010 |a  91208686  
035 |a (OCoLC)19499745 
035 |9 AHP8918AM 
040 |a MH  |c DLC  |d TXA  |d UtOrBLW 
042 |a lccopycat 
043 |a s-ck---  |a cl----- 
049 |a TXAM 
050 0 4 |a PQ7081.3  |b .V47 1987 
100 1 |a Vera Angel, Fernando,  |d 1950- 
245 1 0 |a --Pequeñas cosas-- pequeñas cosas-- pequeñas cosas /  |c Fernando Vera Angel. 
264 1 |a [Medellín] :  |b Politécnico Colombiano "Jaime Isaza Cadavid",  |c [1987] 
300 |a 135 pages :  |b illustrations, portraits ;  |c 22 cm. 
336 |a text  |b txt  |2 rdacontent 
337 |a unmediated  |b n  |2 rdamedia 
338 |a volume  |b nc  |2 rdacarrier 
490 1 |a Colección Políforo de oriente 
500 |a Cover title. 
500 |a Reprint of works originally published 1975-1987. 
650 0 |a Authors, Spanish American  |y 20th century  |x Biography. 
651 0 |a Latin America  |x Civilization. 
650 0 |a Authors, Colombian  |y 20th century  |v Biography. 
651 0 |a Antioquia (Colombia : Department)  |x Biography. 
830 0 |a Colección literaria Políforo de oriente. 
948 |a c:jlg 
999 |a MARS 
999 f f |s 7b13f65b-1f64-37d1-b7f1-8baacc0cfb62  |i f9d09f09-9f65-3ec8-af70-4355e3644022  |t 0 
952 f f |p ric  |a Texas A&M University  |b Rellis Campus  |c Joint Library Facility  |d Remote Storage  |t 0  |e PQ7081.3 .V47 1987  |h Library of Congress classification  |i unmediated -- volume  |m A14822540112 
998 f f |a PQ7081.3 .V47 1987  |t 0  |l Remote Storage